Top 20 Most Buddhist Countries - Statistics

General Stats
  • This quiz has been taken 5,762 times
    5,592 since last reset
  • The average score is 16 of 20
Answer Stats
Percent Country % Correct
15.4% China
98%
56.4% Japan
96%
87.2% Thailand
96%
84.9% Cambodia
94%
52.2% Laos
94%
49.2% Vietnam
94%
74.7% Myanmar (Burma)
92%
11.5% Nepal
92%
24.8% South Korea
91%
84.0% Bhutan
90%
5.3% Malaysia
89%
54.2% Mongolia
85%
14.8% Singapore
85%
26.5% Taiwan
83%
68.9% Sri Lanka
82%
9.7% Brunei
64%
2.1% Australia
58%
2.2% New Zealand
50%
2.0% United Arab Emirates
21%
2.1% Lebanon
6%
No matching quizzes found
Score Distribution
Percent of People with Each Score
Percentile by Number Answered
Your Score History
You have not taken this quiz since the last reset